00956nac a22002291u 4500010001600000020002100016020002100037082002100058090001500079100003400094245006100128260004800189300003300237504005100270650002700321650004200348856007800390856008900468942002300557999001500580952013100595 a 00028065 a0415184045 (hbk) a0415184053 (pbk)00a330.94108bM8138 c2139d2139 aMore, Charles. 10aUnderstanding the industrial revolution /cCharles More. aLondon ;aNew York :bRoutledge,2000c2000. aix, 188 p. :bill. ;c23 cm. aIncludes bibliographical references and index. 0aIndustrial revolution. 0aIndustrial revolutionzGreat Britain.413Table of contents onlyuhttp://www.loc.gov/catdir/toc/fy042/00028065.html413Publisher descriptionuhttp://www.loc.gov/catdir/enhancements/fy0649/00028065-d.html cBBk330.94108M8138 c2139d2139 00104070aMAINbMAINc1STd2012-02-07ePurchasel3m1o330.94108 MORp000002227r2025-07-15 00:00:00s2015-04-22v104.70yBB